| 000 | 00779nam a2200253 i 4500 | ||
|---|---|---|---|
| 003 | DO-SdBNP | ||
| 005 | 20241010103956.0 | ||
| 007 | ta | ||
| 008 | 241010s2007 sp b 000 0 spa d | ||
| 020 | _a9788403506589 | ||
| 040 |
_aDO-SdBNP _bspa _cBNPHU _erda |
||
| 082 |
_a640.41 _bG943 _222 |
||
| 245 | 0 | 0 |
_aGuía de hoteles y restaurantes de España : _b2008. |
| 264 | 1 |
_aMadrid, España : _bEditora El País-Aguilar, _c2007. |
|
| 300 |
_a1224 páginas, _c22 cm. |
||
| 336 |
_atexto _btxt _2rdacontent |
||
| 337 |
_asin mediación _bn _2rdamedia |
||
| 338 |
_avolumen _bnc _2rdacarrier |
||
| 500 | _aIncluye mapas de carreteras. | ||
| 590 | _aInventariado, 2024/ YL | ||
| 650 | 4 |
_aHoteles y pensiones _vGuías _zEspaña _986682 |
|
| 910 | _aYLockward | ||
| 942 |
_2ddc _cLBS1 |
||
| 999 |
_c57812 _d57812 |
||